Pokemon names without vowels #2 - Statistics

General Stats
  • This quiz has been taken 40 times
  • The average score is 24 of 30
Answer Stats
Hint Answer % Correct
Htmnl Hitmonlee
100%
Mnfrn Monferno
100%
Pykmk Pyukumuku
100%
Zgzgn Zigzagoon
100%
Dwtt Dewott
96%
xcdrll Excadrill
96%
Krkdl Krookodile
96%
Txpx Toxapex
96%
Txtrcty Toxtricity
96%
Ddnn Dedenne
93%
Mchk Machoke
93%
Vrzn Virizion
93%
cclgr Accelgor
89%
Hndm Houndoom
89%
Mlmr Malamar
89%
Smsr Simisear
89%
Nt Natu
86%
Pchrs Pachirisu
86%
Sdwd Sudowoodo
82%
pm Aipom
79%
Crnvn Carnivine
79%
Chmch Chimecho
75%
Rsrd Roserade
71%
llms Illumise
68%
Phn Phione
68%
Gdd Geodude
50%
Mrlll Morelull
50%
mbrn Umbreon
43%
Clb Celebi
32%
Lnl Lunala
29%
No matching quizzes found
Score Distribution
Percent of People with Each Score
Percentile by Number Answered
Your Score History
You have not taken this quiz